000 00812nam a2200205 a 4500
008 120416s1972 ||||||||||||||||| || u
020 _a0245503222
050 _aHF 5549.5.T7 Ken
100 _aKenny, Jonh P. J
245 1 0 _aManpower training and development
246 _aJohn P. J. Kenney
260 _aLondon
_bHarrap
_c1972
300 _a219p. ; ill.
350 _a0.00
650 0 _aMANAGEMENT
650 _aHUMAN RESOURCE DEVELOPMENT
650 _aMANPOWER DEVELOPMENT
995 _aMAIN LIBRARY OPEN ACCESS
_D0.00
_e005394
_FCBU-MAIN LIBRARY (Kitwe)
_H1
_I1.30
_jHF 5549.5.T7 Ken
_M1
_ULOST
_y005394
_ZMain Library Open Access Collection
995 _aBINDERY (DAMAGED)
_D0.00
_e717685
_FCBU-MAIN LIBRARY (Kitwe)
_H1
_I0.00
_jHF 5549.5.T7 Ken
_M2
_UDAMAGED
_WJul 14, 2006
_y38061
_ZMain Library Open Access Collection
999 _c82584
_d82584